| 000 | 01020nam a22002771c 4500 | ||
|---|---|---|---|
| 001 | a987674000 | ||
| 008 | 150630s1980 gw |||| 000u ger d | ||
| 020 |
_a3129129103 _93-12-912910-3 |
||
| 041 | _ager | ||
| 100 | 1 | _aHockerts, Hans Günter | |
| 245 | 0 | 0 |
_aSozialpolitische Entscheidungen im Nachkriegsdeutschland : _balliierte und deutsche Sozialversicherungspolitik 1945 bis 1957 / _cHans Guenter Hockerts |
| 264 |
_aStuttgart : _bKlett-Cotta, _c1980 |
||
| 300 | _a463 S. | ||
| 336 |
_aText _btxt _2rdacontent |
||
| 337 |
_aComputermedien _bc _2rdamedia |
||
| 338 |
_aOnline-Ressource _bcr _2rdacarrier |
||
| 500 | _aOnline Ressource, frei zugänglich | ||
| 502 | _aZugl.: Bonn, Univ., Habil.-Schr., 1977 | ||
| 655 | 0 | _aHochschulschrift | |
| 856 | 4 | _uhttp://nbn-resolving.de/urn/resolver.pl?urn=nbn:de:bvb:19-epub-4649-8 | |
| 856 | 4 | _uhttp://epub.ub.uni-muenchen.de/4649/1/4649.pdf | |
| 942 | _cEB | ||
| 040 | _cRU-10907106 | ||
| 003 | RU-10907106 | ||
| 999 |
_c33166 _d33166 |
||
| 490 | 0 |
_aForschungen und Quellen zur Zeitgeschichte _v1 |
|